000
00230nam a2200097Ia 4500
008
230915s9999 xx 000 0 und d
050
_a
HB171.5.A58 2003
100
_a
Antell,Gerson
245
0
_a
Economics For Everybody
942
_c
BK
999
_c
73037
_d
73037